| 000 -CABECERA |
| Longitud fija campo de control |
00553nam a2200181 a 4500 |
| 001 - NÚMERO DE CONTROL |
| Número de control |
4959 |
| 003 - IDENTIFICADOR DEL NÚMERO DE CONTROL |
| Identificador del número de control |
CDMR |
| 005 - FECHA Y HORA DE LA ÚLTIMA TRANSACCIÓN |
| Fecha y hora de la última transacción |
20260102135557.0 |
| 008 - CÓDIGOS DE INFORMACIÓN DE LONGITUD FIJA |
| Códigos de información de longitud fija |
130130s1991||||||||||||||||||||||||||||d |
| 040 ## - FUENTE DE LA CATALOGACIÓN |
| Centro catalogador de origen |
CDMR |
| Lengua de catalogación |
cat |
| Centro transcriptor |
CDMR |
| 245 00 - MENCIÓN DE TÍTULO |
| Título |
Julio Ubiña |
| Resto del título |
: gener-febrer 1991 : Sala Arcs de la Fundació Caixa de Barcelona |
| 260 ## - PUBLICACIÓN, DISTRIBUCIÓN, ETC. (PIE DE IMPRENTA) |
| Lugar de publicación, distribución, etc. |
Barcelona |
| Fecha de publicación, distribución, etc. |
1991 |
| Nombre del editor, distribuidor, etc. |
Fundació Caixa Barcelona |
| 300 ## - DESCRIPCIÓN FÍSICA |
| Extensión |
39 p ; |
| Dimensiones |
29 cm |
| 500 ## - NOTA GENERAL |
| Nota general |
Text en català, castellà i anglès |
| 500 ## - NOTA GENERAL |
| Nota general |
Catàleg d'exposició |
| 650 #0 - PUNTO DE ACCESO ADICIONAL DE MATERIA - TÉRMINO DE MATERIA |
| 9 (RLIN) |
3679 |
| Término de materia o nombre geográfico como elemento inicial |
Fotoperiodisme |
| Subdivisión de materia general |
Exposicions |
| 942 ## - ENTRADA DE ELEMENTOS AGREGADOS (KOHA) |
| Koha [por defecto] tipo de item |
Monografies |
| Fuente de clasificaión o esquema |
|